CHRISTENSEN'S PHYSICS OF DIAGNOSTIC RADIOLOGY (Record no. 18721)

MARC details
000 -LEADER
fixed length control field 00379nam a22001577a 4500
003 - CONTROL NUMBER IDENTIFIER
control field SGT
020 ## - INTERNATIONAL STANDARD BOOK NUMBER
International Standard Book Number 978-81-8473-600-7
082 ## - DEWEY DECIMAL CLASSIFICATION NUMBER
Classification number 616.0757
Item number C19C
100 ## - MAIN ENTRY--PERSONAL NAME
Personal name CURRY, THOMAS S.
245 ## - TITLE STATEMENT
Title CHRISTENSEN'S PHYSICS OF DIAGNOSTIC RADIOLOGY
250 ## - EDITION STATEMENT
Edition statement 4TH
260 ## - PUBLICATION, DISTRIBUTION, ETC. (IMPRINT)
Place of publication, distribution, etc INDIA
Name of publisher, distributor, etc WOLTERS KLUWER PUB
Year of Publication 2019
300 ## - PAGE DESCRIPTION
No. of Pages 522
650 ## - SUBJECT ADDED ENTRY--TOPICAL TERM
Topical term or geographic name as entry element RADIOLOGY
942 ## - ADDED ENTRY ELEMENTS (KOHA)
Source of classification or shelving scheme Dewey Decimal Classification
Koha item type Books
942 ## - ADDED ENTRY ELEMENTS (KOHA)
-- 81
Holdings
Withdrawn status Lost status Source of classification or shelving scheme Damaged status Not for loan Collection code Home library Current library Shelving location Date acquired Vendor Name Cost, normal purchase price SGTU Bill Number Total Checkouts Full call number Accession No. (Barcode) Date last seen Date last borrowed Bill Date Koha item type
    Dewey Decimal Classification     MEDICAL SGT Medical Library SGT Medical Library Text Book 03/08/2019 ABC DELHI 1450.00 SGTU 11141 44 616.0757 C19C FM11633 07/05/2026 22/04/2026 03/07/2019 Books
    Dewey Decimal Classification     MEDICAL SGT Medical Library SGT Medical Library Text Book 03/08/2019 ABC DELHI 1450.00 SGTU 11141 62 616.0757 C19C FM11634 21/05/2026 18/05/2026 03/07/2019 Books